| 000 | 00544nam a22001937a 4500 | ||
|---|---|---|---|
| 003 | CEME | ||
| 005 | 20210628202403.0 | ||
| 008 | 210122b xxu||||| |||| 00| 0 eng d | ||
| 020 | _a0-471-12517-2 | ||
| 040 | _c. | ||
| 082 | _a620.001185 CLO | ||
| 100 |
_aClose, Charles M Frederick, Dean K _959688 |
||
| 245 | _aModeling and analysis of dynamics systems | ||
| 250 | _a2ND | ||
| 260 |
_aNEW YORK _bJOHN WILEY _c1995 |
||
| 300 | _aXV,681 P | ||
| 650 |
_aSYSTEM ANALYSIS.MODELING AND ANALYSIS OF DYNAMICS SYSTEMS _959689 |
||
| 942 |
_cBK _2ddc |
||
| 999 |
_c569606 _d569606 |
||